The evolution of the Australian merino /

Bibliographic Details
Main Author: Cox, E. W.
Format: Book
Language:English
Published: Sydney, Australia : Angus & Robertson limited, 1936.
Subjects:

MARC

Tag First Indicator Second Indicator Subfields
LEADER 00000cam a2200000 4500
001 in00000029419
005 20151007061516.0
008 800630s1936 at f 00010 eng
010 |a  38019941  
035 |a (OCoLC)06469883 
035 |9 AAD2289AM 
040 |a DLC  |c TXA  |d UtOrBLW 
049 |a TXAM  |c [87481] 
050 0 |a SF375  |b .C69 
082 0 |a 636.3684 
092 |a 636.3684  |b C877e 
100 1 |a Cox, E. W. 
245 1 4 |a The evolution of the Australian merino /  |c by E. W. Cox ... 
264 1 |a Sydney, Australia :  |b Angus & Robertson limited,  |c 1936. 
300 |a xxii pages, 1 ., 160 pages :  |b frontispiece, plates. ;  |c 26 cm. 
336 |a text  |b txt  |2 rdacontent 
337 |a unmediated  |b n  |2 rdamedia 
338 |a volume  |b nc  |2 rdacarrier 
650 0 |a Merino sheep. 
740 4 |a The Australian merino. 
999 |a MARS 
999 f f |s 46502b60-f132-3fd1-bb87-e4a31bdbeb8b  |i 12029ef0-8c85-3dee-b086-319d981e3029  |t 0 
952 f f |p ric  |a Texas A&M University  |b Rellis Campus  |c Joint Library Facility  |d Remote Storage  |t 0  |e SF375 .C69  |h Library of Congress classification  |i unmediated -- volume  |m A14801090869 
998 f f |a SF375 .C69  |t 0  |l Remote Storage